| 000 | 00786nam a2200229Ia 4500 | ||
|---|---|---|---|
| 003 | GCL | ||
| 008 | 140319s9999 xx 000 0 ara d | ||
| 040 |
_aGCL / _cGCL |
||
| 082 | 0 | 4 |
_a811.2 _bم ص |
| 100 | 1 | _aمحمد على دقة | |
| 245 | 1 | 0 |
_aالصحابى ضرار بن الازور : اخباره و شعره ,خولة بنت الازور بين الحقيقة و الخيال / _cمحمد على دقة |
| 260 |
_a[S.N] : _bدار معد للنشر والتوزيع ، _c1992 |
||
| 300 | _a109 ص | ||
| 490 | _a | ||
| 650 | 0 | 4 | _aالادب العربى |
| 650 | 0 | 4 | _aدواوين وقصائد |
| 650 | 0 | 4 | _aصدر الاسلام |
| 650 | 0 | 4 | _aضرار بن الازور |
| 650 | 0 | 4 | _aخولة بنت الازور |
| 650 | 0 | 4 | _aتاريخ ونقد |
| 942 |
_2ddc _cBK |
||
| 999 |
_c28587 _d28587 |
||